00703nam a2200169 i 4500001000700000003000900007005001700016008004100033040003000074100002000104245014000124260005600264300002600320510002000346600004200366852012500408157624ES-MaACL20230906210749.0990211s1686 gw |||| | ita d aCCPB | B bspa cCCPB | B1 aLeti, Gregorio.13aLa vita di Giovanni d'Austria b: figlio naturale fi Filippo IV Rè di Spagna / copera Istorica e Politica raccolta e scritta da N.N. aIn Colonia : bapresso Pietro del Martello, c1686. a[4], 632 p. ; c12º.4 aPalau, c13673214aAustria, Juan José de (d1629-1679) aES-MaACLjR-606 z-- Enc. hol. x-- Edic: T245: Corregir en tit.: "La vita di Don Giovanni d'Austria ..." x D-3977